A Maros menti népek tánchagyománya, különös tekintettel a szerbek táncaira

Elmentve itt :
Bibliográfiai részletek
Szerző: Felföldi lászló
További közreműködők: nincs megadva (Témavezető)
Dokumentumtípus: Disszertáció
Megjelent: 1983
Kulcsszavak:Néprajz
Tárgyszavak:
Online Access:http://doktori.ek.szte.hu/6321
LEADER 00792nta a2200205 i 4500
001 dokt6321
005 20220708085033.0
008 220708s1983 hu om 0|| hun d
040 |a SZTE Doktori Repozitórium  |b hun 
041 |a hun 
100 1 |a Felföldi lászló 
245 1 2 |a A Maros menti népek tánchagyománya, különös tekintettel a szerbek táncaira  |h [elektronikus dokumentum] /  |c  Felföldi lászló 
260 |c 1983 
502 |a Disszertacio 
650 4 |a néprajz- és kultúrális tudományok 
650 4 |a Bölcsészettudományok 
650 4 |a Művészetek (művészetek, művészettörténet, előadóművészetek, zene) 
695 |a Néprajz 
700 1 |a nincs megadva  |e ths 
856 4 0 |u https://doktori.bibl.u-szeged.hu/id/eprint/6321/1/1983_felfoldi_laszlo.pdf  |z Dokumentum-elérés